Essentials of materials science and engineering / (Record no. 610)

MARC details
000 -LEADER
fixed length control field 00639nam a22002057a 4500
005 - DATE AND TIME OF LATEST TRANSACTION
control field 20230617033632.0
008 - FIXED-LENGTH DATA ELEMENTS--GENERAL INFORMATION
fixed length control field 230123b |||||||| |||| 00| 0 eng d
020 ## - INTERNATIONAL STANDARD BOOK NUMBER
International Standard Book Number 978-1-11157685-1
082 ## - DEWEY DECIMAL CLASSIFICATION NUMBER
Classification number 620.22 As834 2014
100 ## - MAIN ENTRY--PERSONAL NAME
Personal name Askelard, Donald R.
Relator term author
245 ## - TITLE STATEMENT
Title Essentials of materials science and engineering /
Statement of responsibility, etc. Donald R. Askelrd, Wendlin J. Wright
250 ## - EDITION STATEMENT
Edition statement 3rrd ed.
260 ## - PUBLICATION, DISTRIBUTION, ETC.
Place of publication, distribution, etc. Stanford, CT:
Name of publisher, distributor, etc. Cengage Learning,
Date of publication, distribution, etc. c2014.
300 ## - PHYSICAL DESCRIPTION
Extent xviii, 678p.;
Other physical details col, ill.
504 ## - BIBLIOGRAPHY, ETC. NOTE
Bibliography, etc. note Includes index
541 ## - IMMEDIATE SOURCE OF ACQUISITION NOTE
Accession number 5449
650 ## - SUBJECT ADDED ENTRY--TOPICAL TERM
Topical term or geographic name entry element Materials
650 ## - SUBJECT ADDED ENTRY--TOPICAL TERM
Topical term or geographic name entry element Engineering materials
700 ## - ADDED ENTRY--PERSONAL NAME
Personal name Wright, Wendelin J.
Relator term author
Holdings
Withdrawn status Lost status Source of classification or shelving scheme Damaged status Not for loan Home library Current library Date acquired Total Checkouts Full call number Barcode Date last seen Copy number Price effective from Koha item type
    Dewey Decimal Classification     ctu-moalboal ctu-moalboal 10/15/2018   620.11 As834 2014 5449 01/23/2023 1 01/23/2023 Books-Reference